|
|
|
|
| LEADER |
00000nab a2200000 a 4500 |
| 001 |
vtls000752341 |
| 003 |
SK-MaSNL |
| 005 |
20260319074331.0 |
| 008 |
160405c2001 xo 0 hun |
| 015 |
|
|
|a SNBRB2001/04-11140
|
| 035 |
|
|
|a CLN000104130
|
| 040 |
|
|
|a SNKBUCL
|b slo
|c SNKBUCL
|e AACR2
|
| 041 |
0 |
|
|a hun
|
| 044 |
|
|
|a xo
|c SK
|
| 080 |
|
|
|a 792.077(437.6=945.11)
|2 1997
|
| 100 |
1 |
|
|a Farkas, Ottó,
|d 1951-
|4 ain
|9 103339
|
| 245 |
1 |
0 |
|a Szeretnénk eljutni a Jókai Napokra
|b új társulattal bővült a szlovákiai magyar amatőr színjátszás ... Juhász Dósa Jánossal, a Blaha Lujza Színkör vezetőjével beszélgetünk
|c [beszélgetett] Farkas Ottó
|
| 300 |
|
|
|b Fotogr.
|
| 610 |
|
7 |
|a Blaha Lujza Színkör (divadelný súbor : Rimavská Sobota, Slovensko)
|2 snkbucl
|9 909098
|
| 651 |
|
7 |
|a 609
|2 snkbucl
|9 296870
|
| 655 |
|
7 |
|a články z novín a časopisov
|2 snkbucl
|9 267496
|
| 700 |
1 |
|
|a Juhász Dósa, János,
|d 1969-
|4 aut
|4 uin
|9 667976
|
| 773 |
0 |
|
|t Új szó
|g Roč. 54, č. 44 (22.2.2001)
|
| 773 |
0 |
|
|t [Príl.] Régióink
|g Roč. 4, č. 8 (2001), s. 9
|
| 850 |
|
|
|a Slovenská národná knižnica v Martine
|
| 852 |
|
|
|a SNK
|b KIS3GCP
|
| 958 |
|
|
|a HU
|
| 958 |
|
|
|a SK
|
| 958 |
|
|
|a RBX
|
| 999 |
|
|
|c 1440021
|d 1441951
|